000 00443nam a2200145Ia 4500
008 231129s1999||||xx |||||||||||||| ||spa||
020 _a958-9249-34-5
040 _bspa
082 _a378.0703 / V335r
100 _aVasquez Martinez Claudio Rafael
245 0 _aReflexion sobre los costos en la educacion universitaria a distancia en Colombia
260 _c1999
264 _aPapiro
942 _2ddc
_cBKS
999 _c23826
_d23826